000 00492nam a2200205Ia 4500
005 20240823053502.0
008 240823s9999||||xx |||||||||||||| ||und||
020 _a978-93-81138-20-5
041 _aENGLISH
082 _A820.9 Q3
100 _aBirendra Sinha
245 0 _aResearch in Indian English Literature
250 _a1st
260 _c2013
_bPacific
500 _aYES
650 _aEnglish Literature
_bEnglish
700 _a Dinesh Mishra
942 _cBK
999 _c224260
_d224260